Slovenské banské múzeum v Holandsku

Bibliographic Details
Main Author: Kmeco, Ľubomír (Author)
Format: Article
Language:Slovak
ISSN:0027-5263
Subjects:

MARC

LEADER 00000nab a2200000 a 4500
001 vtls000490708
003 SK-MaSNL
005 20260303202450.0
008 230131c1993 xo 0 slo
015 |a SNBRB19rr/mm-uuuuu 
035 |a CL0490846 
035 |a urn:nbn:sk:snk-ab2nnl 
035 |a (urnnbn)urn:nbn:sk:snk:ar-a02odz 
035 |a (uuid)563733d0-d3eb-49db-9999-7e65e0b3bbdc 
040 |a SNKBUCL  |b slo  |c SNKBUCL  |e AACR2 
041 0 |a slo 
044 |a xo  |c SK 
080 |a 069.6.02:622:069.5  |2 1981 
080 |a 622  |2 1981 
100 1 |a Kmeco, Ľubomír  |4 aut  |9 11188 
245 1 0 |a Slovenské banské múzeum v Holandsku  |c Ľubomír Kmeco 
610 7 |a Banské múzeum (Banská Štiavnica, Slovensko)  |2 snkbucl  |9 626822 
655 7 |a články z novín a časopisov  |2 snkbucl  |9 267496 
773 0 |t Múzeum  |g Roč. 38, č. 1 (1993), s. 40  |x 0027-5263 
850 |a Slovenská národná knižnica v Martine  |a MTA001 
852 |a SNK  |b KIS3GCP 
954 |a odborná, vedecká literatúra pôvodná (slovenská)  |2 lita 
958 |a NL 
958 |a OND 
958 |a EUIPO 
958 |a article27 
992 |a RBX 
999 |c 2179759  |d 2181689